000 00475nam a2200145Ia 4500
008 100122s9999 xx 000 0 und d
082 _b19133
_a915.487
100 _aकाळे मो गो
245 _aआमची म्हैसुरची सफर
260 _bरा श न जोशी
_c1937
300 _a48
630 _aआमची म्हैसुरची सफर
730 _aआमची म्हैसुरची सफर
942 _cBOOK
999 _c408279
_d408276